Psychiatry by Ten Teachers (Record no. 3291)

MARC details
000 -LEADER
fixed length control field 00504nam a22001937a 4500
003 - CONTROL NUMBER IDENTIFIER
control field OSt
005 - DATE AND TIME OF LATEST TRANSACTION
control field 20160322175713.0
008 - FIXED-LENGTH DATA ELEMENTS--GENERAL INFORMATION
fixed length control field 160322b xxu||||| |||| 00| 0 eng d
020 ## - INTERNATIONAL STANDARD BOOK NUMBER
International Standard Book Number 9780340984260
040 ## - CATALOGING SOURCE
Transcribing agency DNLM
082 ## - DEWEY DECIMAL CLASSIFICATION NUMBER
Classification number WM100 P88n 2013
100 ## - MAIN ENTRY--PERSONAL NAME
Personal name edited Nisha, Dogra; Brian, Lunn
9 (RLIN) 7380
245 ## - TITLE STATEMENT
Title Psychiatry by Ten Teachers
260 ## - PUBLICATION, DISTRIBUTION, ETC. (IMPRINT)
Place of publication, distribution, etc. UK; Arnold; 2013
300 ## - PHYSICAL DESCRIPTION
Extent 235p; col.ill: 25cm
504 ## - BIBLIOGRAPHY, ETC. NOTE
Bibliography, etc References & index included
650 ## - SUBJECT ADDED ENTRY--TOPICAL TERM
Topical term or geographic name as entry element Psychiatry
9 (RLIN) 351
942 ## - ADDED ENTRY ELEMENTS (KOHA)
Source of classification or shelving scheme Other/Generic Classification Scheme
Koha item type Open Shelf
Holdings
Withdrawn status Lost status Source of classification or shelving scheme Damaged status Not for loan Home library Current library Date acquired Source of acquisition Inventory number Total Checkouts Full call number Barcode Date last seen Koha item type Public note
    Other/Generic Classification Scheme     MUST Main Library MUST Main Library 22/03/2016   14/37832   WM100 P88n 2013 2016-0488 22/03/2016 Open Shelf No borrowing